Đồng dao trong đời sống văn hóa vĩnh long : Chuyên ngành Văn học Việt Nam
Luận văn tập trung nghiên cứu về đồng dao và những hình thức sinh hoạt truềyn thống đồng dao của người Việt ở Vĩnh Long qua khảo sát một số đia điểm tiêu biểu.
محفوظ في:
| المؤلف الرئيسي: | |
|---|---|
| التنسيق: | كتاب |
| اللغة: | Undetermined |
| منشور في: |
Cần Thơ
Trường Đại học Cần Thơ
2009
|
| الموضوعات: | |
| الوسوم: |
إضافة وسم
لا توجد وسوم, كن أول من يضع وسما على هذه التسجيلة!
|
| Thư viện lưu trữ: | Trung tâm Học liệu Trường Đại học Cần Thơ |
|---|
| LEADER | 00978nam a2200217Ia 4500 | ||
|---|---|---|---|
| 001 | CTU_154199 | ||
| 008 | 210402s9999 xx 000 0 und d | ||
| 082 | |a 398.209597 | ||
| 082 | |b L451 | ||
| 088 | |a 60220121 | ||
| 100 | |a Tăng, Tấn Lộc | ||
| 245 | 0 | |a Đồng dao trong đời sống văn hóa vĩnh long : | |
| 245 | 0 | |b Chuyên ngành Văn học Việt Nam | |
| 245 | 0 | |c Tăng Tấn Lộc; Chu Xuân Diên (Hướng dẫn khoa học) | |
| 260 | |a Cần Thơ | ||
| 260 | |b Trường Đại học Cần Thơ | ||
| 260 | |c 2009 | ||
| 520 | |a Luận văn tập trung nghiên cứu về đồng dao và những hình thức sinh hoạt truềyn thống đồng dao của người Việt ở Vĩnh Long qua khảo sát một số đia điểm tiêu biểu. | ||
| 650 | |a Folk literature, Vietnamese | ||
| 904 | |i Bạch Trúc | ||
| 980 | |a Trung tâm Học liệu Trường Đại học Cần Thơ | ||